000 01015nam a2200265Ia 4500
003 OSt
005 20221005111510.0
006 a|||||r|||| 00| 0
007 ta
008 221004b |||||||| |||| 00| 0 hin d
020 _a9788126040070 (pbk)
_cINR 75.00
024 _a38030
037 _bBW/1665, 14/03/2018, Bookwell
_cTextual
040 _aCRL
_cCRL
_bhin
041 _2hin
_ahin
082 _aO156,3N32,UJ, 152Q3
100 _aभारद्वाज, शांति, ‘राकेश’, ले.
_9624186
245 0 _aउड़ जा रे सुआ
246 _aUड़ jā re suā
260 _aनई दिल्ली
_bसाहित्य अकादेमी भारत
_c2013
300 _a91पृ0
_ccm.
650 _aराजस्थानी साहित्य
942 _hO156,3N32,UJ, 152Q3
_cTEXL
_2cc
999 _c1022024
_d1022024